000 00676cam a22002172 4500
001 0000013144
005 20151021151125.0
008 090611s xx 000 0 eng d
020 _a0273712909
040 _aKABU
_cKABU
050 0 _aHB615
_b.A84 2007
100 1 _aAshton, Robert.
_@0000149990
245 1 4 _aThe Entrepreneur's book of checklists :
_b1000 tips to help you start and grow your business /
_cRobert Ashton.
250 _a2nd ed.
260 _aLondon :
_bPearson,
_c2007.
300 _axiv, 208 p.
650 0 _aEntrepreneurship.
_@0000148283
852 1 _9p1300 KES
908 _a090611
950 _@1
999 _c902
_d902